Welcome to the Holygrace Academy Library

Please use search bar below to get started

ORU KUDAYUM KUNJUPENGALUM (Record no. 1541)

MARC details
000 -LEADER
fixed length control field 00323nam a22001457a 4500
020 ## - INTERNATIONAL STANDARD BOOK NUMBER
ISBN 81-7130-085-5
082 ## - DEWEY DECIMAL CLASSIFICATION NUMBER
Classification number 894.812.3
Item number VAR/O
100 ## - MAIN ENTRY--AUTHOR NAME
Personal name VARKEY,MUTTATHU
245 ## - TITLE STATEMENT
Title ORU KUDAYUM KUNJUPENGALUM
250 ## - EDITION STATEMENT
Edition statement FIRST
260 ## - PUBLICATION, DISTRIBUTION, ETC. (IMPRINT)
Place of publication KOTTAYAM
Name of publisher MAMBAZHAM
Year of publication 1961
300 ## - PHYSICAL DESCRIPTION
Number of Pages 128
650 ## - SUBJECT ADDED ENTRY--TOPICAL TERM
Topical Term STORY
Geographic subdivision KERALA
942 ## - ADDED ENTRY ELEMENTS (KOHA)
Koha item type Books
Holdings
Withdrawn status Lost status Collection code Home library Current library Shelving location Date acquired Source of acquisition Cost, normal purchase price Full call number Accession Number Koha item type
    Fiction Main Library Main Library SHELF-6C MALAYALAM SHORT STORIES 14/07/2016 PURCHASE 95.00 894.812.3 VAR/O 04316 Books